00991nam a2200169Ia 450000500170000000800410001702000150005808200220007310000370009524500750013225000180020726000560022530000180028150000300029950404640032965000280079320231102150554.0120622s1988 mx r 000 0 spa d a9684011296 4a345.02bZ13m 19881 aZaffaroni, Eugenio Raúleautor10aManual de derecho penalb : parte generalc / Eugenio Raúl Zaffaroni a2a. edición3 aMéxicob : Cárdenas Editor Distribuidorc, 1988 a857 páginas aReimpresiones: 1997, 1998 aTeoría del saber del derecho penal Delimitación del objeto del saber del derecho penal Fundamentación filosófico-política del horizonte de proyección del saber penal (las ideologías penales) Teoría del delito Estructuración de la teoría del delito La conducta La tipicidad La antijuridicidad La culpabilidad Problemática especial de la tipicidad Teoría de la coerción penal Coerción materialmente penal Coerción formalmente penal14aDERECHO PENALvMANUALES